Curso superior de economía política / (Registro nro. 7853)

Detalles MARC
000 -LEADER
fixed length control field 00993nam a2200277Ia 4500
003 - CONTROL NUMBER IDENTIFIER
control field OSt
005 - DATE AND TIME OF LATEST TRANSACTION
control field 20210520151951.0
008 - FIXED-LENGTH DATA ELEMENTS--GENERAL INFORMATION
fixed length control field 210310s1965 mx gr 000 0 spa d
040 ## - CATALOGING SOURCE
Original cataloging agency CO-JMCR
Transcribing agency CO-JMCR
041 1# - LANGUAGE CODE
Language code of text/sound track or separate title spa
Language code of original rus
082 04 - DEWEY DECIMAL CLASSIFICATION NUMBER
Classification number 335.412 /
Item number S759c
Edition number 23
100 1# - MAIN ENTRY--PERSONAL NAME
Personal name Spiridonova,
9 (RLIN) 15633
Relator term autora
245 10 - TITLE STATEMENT
Title Curso superior de economía política /
Statement of responsibility, etc. Spiridonova, Atlas y otros ; traducción directa del ruso por Luis A. Vargas y Andrés Fierro Menu
260 ## - PUBLICATION, DISTRIBUTION, ETC.
Place of publication, distribution, etc. México :
Name of publisher, distributor, etc. Editorial Grijalbo,
Date of publication, distribution, etc. 1965
300 ## - PHYSICAL DESCRIPTION
Extent 2 volúmenes ;
Dimensions 23 cm.
490 0# - SERIES STATEMENT
Series statement (Tratados y manuales Grijalbo)
500 ## - GENERAL NOTE
General note Incluye notas a pie de página.
505 0# - FORMATTED CONTENTS NOTE
Miscellaneous information v.1.
Title Sociedades Presocialistas
Miscellaneous information v.2.
Title Sociedades Socialistas
650 14 - SUBJECT ADDED ENTRY--TOPICAL TERM
Topical term or geographic name entry element Comunismo
9 (RLIN) 15635
650 24 - SUBJECT ADDED ENTRY--TOPICAL TERM
Topical term or geographic name entry element Economía Marxista
9 (RLIN) 37729
650 24 - SUBJECT ADDED ENTRY--TOPICAL TERM
Topical term or geographic name entry element Capitalismo
9 (RLIN) 37730
650 24 - SUBJECT ADDED ENTRY--TOPICAL TERM
Topical term or geographic name entry element Socialismo
9 (RLIN) 37731
700 1# - ADDED ENTRY--PERSONAL NAME
Personal name Vargas, Luis A.,
Relator term traductor
9 (RLIN) 37732
700 1# - ADDED ENTRY--PERSONAL NAME
Personal name Fierro Menu, Andrés,
Relator term traductor
9 (RLIN) 37733
942 ## - ADDED ENTRY ELEMENTS (KOHA)
Source of classification or shelving scheme Dewey Decimal Classification
Koha item type Books
Existencias
Withdrawn status Lost status Source of classification or shelving scheme Damaged status Not for loan Collection code Home library Current library Date acquired Source of acquisition Full call number Barcode Date last seen Copy number Koha item type Total Checkouts Price effective from
    Dewey Decimal Classification     Fiction Biblioteca Pública José María del Castillo y Rada Biblioteca Pública José María del Castillo y Rada 04/15/2018 Donación 335.412 / S759c 430004214 05/16/2024 V.1 / Ej.1 Books    
    Dewey Decimal Classification     Fiction Biblioteca Pública José María del Castillo y Rada Biblioteca Pública José María del Castillo y Rada 04/15/2018 Donación 335.412 / S759c 430004162 05/16/2024 V.2 / Ej.1 Books   05/20/2021